Wilhelm Riegers Bedeutung in der deutschen Betriebswirtschaftslehre.

Diskusie okolo bilancie v podmienkach silného poklesu hodnoty peňazí a inflácie v 20 rokoch v Nemecku. Spory W. Riegera, E. Schmalenbacha, F. Schmidta o štátnu teóriu peňazí, vzťah bilancie a meny a ich časové horizonty. Názory W. Riegera na financovanie podniku a jeho likviditu, na daňové a právne...

Ausführliche Beschreibung

Gespeichert in:
Bibliographische Detailangaben
1. Verfasser: Barth, K.
Format: Buchkapitel
Sprache:Deutsch
Schlagworte:
Tags: Tag hinzufügen
Keine Tags, Fügen Sie das erste Tag hinzu!

MARC

LEADER 00000naa a2200000 4500
001 r010684
005 20221130113420.5
041 0 |a ger 
044 |a DE 
245 1 0 |a Wilhelm Riegers Bedeutung in der deutschen Betriebswirtschaftslehre.  |c K. Barth 
520 |a Diskusie okolo bilancie v podmienkach silného poklesu hodnoty peňazí a inflácie v 20 rokoch v Nemecku. Spory W. Riegera, E. Schmalenbacha, F. Schmidta o štátnu teóriu peňazí, vzťah bilancie a meny a ich časové horizonty. Názory W. Riegera na financovanie podniku a jeho likviditu, na daňové a právne otázky. Miesto W. Riegera v nemeckej náuke o ekonomike podniku z dnešného pohľadu. 
610 2 0 |a veda o podniku 
610 2 0 |a dejiny myslenia ekonomického 
610 2 0 |a Nemecko 
610 2 0 |a diskusia 
610 2 0 |a teória peňažná 
610 2 0 |a inflácia 
610 2 0 |a mena 
610 2 0 |a bilancia finančná 
610 2 0 |a financovanie podnikov 
610 2 0 |a Rieger, W. 
610 2 0 |a Schmalenbach, E. 
610 2 0 |a Schmidt, F. 
100 1 |a Barth, K.